[Event "Junior Online 4NCL Division 5"]
[Site "online"]
[Date "2021.02.18"]
[EventDate "2021.02.18"]
[Round "3.48"]
[White "Rajaram, Dilip"]
[WhiteElo "1635"]
[WhiteTeam "Chess Challengers A"]
[Black "Caesar, Isabella"]
[BlackElo "1255"]
[BlackTeam "Young Dragons B"]
[Result "0-1"]
[PlyCount "104"]

1. e4 e5 2. Bc4 Nc6 3. Nf3 Nf6 4. Nc3 d6 5. Ng5 d5 6. exd5 Nd4 7. d6 Qxd6 8. Nxf7 Qc6 9. Bd5 Nxd5 10. Nxd5 Qxd5 11. O-O Qxf7 12. c3 Nc6 13. Qe2 Bd6 14. f4 Qe7 15. fxe5 Bxe5 16. d3 Bf6 17. Qxe7+ Nxe7 18. d4 O-O 19. Bf4 c6 20. Rae1 Nd5 21. Bd6 Rd8 22. Ba3 Bg4 23. h3 Bh5 24. g4 Bg6 25. Kh2 Re8 26. Rxe8+ Rxe8 27. Kg3 Re3+ 28. Kg2 Be4+ 29. Kh2 Re2+ 30. Kg1 Rg2+ 31. Kh1 Rf2+ 32. Kg1 Rxf1+ 33. Kxf1 Bh4 34. Ke2 Be7 35. b4 Nxc3+ 36. Kd2 Nxa2 37. Ke3 Bd5 38. Bc1 Nxc1 39. Kf4 Bxb4 40. Ke5 a5 41. g5 a4 42. Kf4 a3 43. Ke3 a2 44. Kf4 a1=Q 45. Ke5 Bg2 46. h4 Qa5+ 47. Kf4 Bd2+ 48. Kg3 Qd5 49. g6 Qf3+ 50. Kh2 Qf2 51. d5 Bf1+ 52. Kh1 Qg2# 0-1

[Event "Junior Online 4NCL Division 5"]
[Site "online"]
[Date "2021.02.18"]
[EventDate "2021.02.18"]
[Round "3.51"]
[White "Salkauskas, Deimantas"]
[WhiteElo "1266"]
[WhiteTeam "Colchester Juniors C"]
[Black "Reeves, Hollyann"]
[BlackElo "1581"]
[BlackTeam "Wolfpack Juniors"]
[Result "1/2-1/2"]
[PlyCount "97"]

1. e4 e5 2. Nf3 Nc6 3. Bc4 Bc5 4. O-O Nf6 5. c3 Nxe4 6. d4 exd4 7. cxd4 Bb6 8. Bd5 Nf6 9. Re1+ Ne7 10. Bb3 O-O 11. Bg5 Ng6 12. Nc3 d5 13. Nxd5 Bg4 14. Nxf6+ gxf6 15. Bh6 Re8 16. Rxe8+ Qxe8 17. h3 Bxf3 18. Qxf3 Bxd4 19. Rd1 Rd8 20. Rxd4 Rxd4 21. Qxf6 Qe1+ 22. Kh2 Qe5+ 23. Qxe5 Nxe5 24. Be3 Rd7 25. Bxa7 Rd2 26. Bb8 Rxb2 27. Bxc7 Nd3 28. Bd5 Nxf2 29. Be5 Rb5 30. Bd4 Rxd5 31. Bxf2 Rd2 32. Be3 Rxa2 33. Kg3 Ra3 34. Kf4 b5 35. Ke4 b4 36. Bc5 Ra2 37. Bxb4 Rxg2 38. Bd6 Rg1 39. Kf3 Ra1 40. h4 Kg7 41. Be5+ Kg6 42. Bxa1 Kh5 43. Kg3 f5 44. Be5 h6 45. Bf4 Kg6 46. Be5 Kh5 47. Bf4 Kg6 48. Kh3 Kh5 49. Kg3 1/2-1/2

[Event "Junior Online 4NCL Division 5"]
[Site "online"]
[Date "2021.02.18"]
[EventDate "2021.02.18"]
[Round "3.52"]
[White "Marsden, Rupert"]
[WhiteElo "1465"]
[WhiteTeam "Wolfpack Juniors"]
[Black "Popovici, Serena"]
[BlackElo "1250"]
[BlackTeam "Colchester Juniors C"]
[Result "1-0"]
[PlyCount "63"]

1. d4 d5 2. c4 c5 3. Nc3 cxd4 4. Qxd4 Nc6 5. Qxd5 Nb4 6. Qxd8+ Kxd8 7. Kd1 e5 8. a3 Nc6 9. Bd2 Nf6 10. Bg5 Be7 11. Nf3 Be6 12. e3 h6 13. Bxf6 Bxf6 14. Kc2 Bf5+ 15. e4 Bg4 16. Be2 h5 17. Rad1+ Kc7 18. Nd5+ Kc8 19. h3 Nd4+ 20. Nxd4 Bxe2 21. Nxe2 Bg5 22. h4 Bh6 23. Ng3 g6 24. Rd3 b6 25. Rhd1 Kb7 26. Nb4 g5 27. hxg5 Bxg5 28. Rd7+ Kc8 29. Rxf7 a5 30. Nc6 Re8 31. Rdd7 h4 32. Rc7# 1-0

[Event "Junior Online 4NCL Division 5"]
[Site "online"]
[Date "2021.02.18"]
[EventDate "2021.02.18"]
[Round "3.53"]
[White "Baig, Huzaifa"]
[WhiteElo "1240"]
[WhiteTeam "Colchester Juniors C"]
[Black "Harris, Callum"]
[BlackElo "1383"]
[BlackTeam "Wolfpack Juniors"]
[Result "1-0"]
[PlyCount "93"]

1. e4 d6 2. Nf3 Nf6 3. Nc3 g6 4. d3 Bg7 5. h3 O-O 6. Be2 Nc6 7. O-O Bd7 8. a3 Qc8 9. Nh2 Ne5 10. Bf4 Nc6 11. Be3 e5 12. f4 exf4 13. Bxf4 Ne5 14. Bg5 Ne8 15. Be7 f5 16. Bxf8 Bxf8 17. exf5 Bxf5 18. d4 Nc6 19. Bc4+ Kh8 20. g4 Bg7 21. gxf5 Bxd4+ 22. Kh1 Bf6 23. Qd5 Ng7 24. Qf7 Bxc3 25. bxc3 Ne5 26. Qd5 Nxf5 27. Kg1 Ne3 28. Qe6 N3xc4 29. Qxc8+ Rxc8 30. Ng4 Nxg4 31. hxg4 Ne3 32. Rf7 Nxc2 33. Ra2 Ne3 34. g5 Nf5 35. Re2 Kg8 36. Rd7 b5 37. Kf2 a6 38. Re4 a5 39. c4 c6 40. cxb5 cxb5 41. Re2 b4 42. axb4 axb4 43. Rb2 Nd4 44. Rxb4 Nf5 45. Rbb7 Rc2+ 46. Ke1 Rg2 47. Rb8# 1-0

[Event "Junior Online 4NCL Division 5"]
[Site "online"]
[Date "2021.02.18"]
[EventDate "2021.02.18"]
[Round "3.54"]
[White "Mahadevan, Meikum"]
[WhiteElo "1075"]
[WhiteTeam "Wolfpack Juniors"]
[Black "Shiva, Shrishti"]
[BlackElo "1235"]
[BlackTeam "Colchester Juniors C"]
[Result "1/2-1/2"]
[PlyCount "142"]

1. e4 e5 2. Nc3 Nf6 3. Nf3 Nc6 4. Bc4 Bc5 5. h3 h6 6. O-O d6 7. a3 a6 8. d3 O-O 9. Nd5 Nxd5 10. Bxd5 Nd4 11. Nxd4 Bxd4 12. c3 Bb6 13. Be3 c6 14. Ba2 Ba7 15. Bxa7 Rxa7 16. d4 Qg5 17. Qf3 Kh8 18. Rad1 Qg6 19. Bb1 Be6 20. d5 Bd7 21. c4 c5 22. b4 Ba4 23. Rc1 b6 24. bxc5 bxc5 25. Qe3 Rb7 26. Bd3 Rb3 27. Qe1 Rxd3 28. Qa5 Rxa3 29. Qxa6 Qxe4 30. Qxd6 Qd4 31. Qxf8+ Kh7 32. Qxf7 Bb3 33. Qf5+ Kg8 34. Qc8+ Kh7 35. Qf5+ Kg8 36. Qe6+ Kh7 37. Rfe1 Ra2 38. Kh1 Qxf2 39. Rg1 Qd4 40. d6 Ra6 41. Qf5+ g6 42. Qf7+ Kh8 43. d7 Rd6 44. Qf8+ Kh7 45. Qf7+ Kh8 46. Qe8+ Kg7 47. Qe7+ Kg8 48. Qe8+ Kg7 49. Rcf1 Rxd7 50. Re1 Bxc4 51. Qxe5+ Qxe5 52. Rxe5 Rc7 53. Rc1 Bf7 54. Rcxc5 Rd7 55. Re1 Rb7 56. Rce5 Rd7 57. Re7 Rd6 58. Rf1 Rf6 59. Rxf6 Kxf6 60. Ra7 Be6 61. Ra8 h5 62. Ra6 Kf7 63. Kh2 Bf5 64. Kg3 Kg7 65. Ra7+ Kf6 66. Ra6+ Kg7 67. Kf4 Kf7 68. Ra7+ Kf6 69. Ra6+ Kf7 70. Ra5 Kf6 71. Ra6+ Kf7 1/2-1/2

[Event "Junior Online 4NCL Division 5"]
[Site "online"]
[Date "2021.02.18"]
[EventDate "2021.02.18"]
[Round "3.55"]
[White "Reeves, Hollyann"]
[WhiteElo "1581"]
[WhiteTeam "Wolfpack Juniors"]
[Black "Salkauskas, Deimantas"]
[BlackElo "1266"]
[BlackTeam "Colchester Juniors C"]
[Result "0-1"]
[PlyCount "60"]

1. e4 e5 2. Nf3 Nc6 3. Bc4 Bc5 4. Nc3 Nf6 5. d3 O-O 6. Bg5 h6 7. Bh4 Be7 8. Nd5 Nxd5 9. Bxe7 Ndxe7 10. Bb5 a6 11. Bxc6 Nxc6 12. O-O d5 13. Qe2 dxe4 14. dxe4 Nd4 15. Nxd4 Qxd4 16. c3 Qd8 17. Qc4 Be6 18. Qb4 b5 19. f4 exf4 20. Rxf4 Qg5 21. Raf1 Bh3 22. g3 Bxf1 23. Kxf1 Rad8 24. c4 bxc4 25. Qc3 Rd1+ 26. Ke2 Rfd8 27. Qxc4 R8d2+ 28. Kf3 Qh5+ 29. Ke3 Rd3+ 30. Kf2 Qxh2# 0-1

[Event "Junior Online 4NCL Division 5"]
[Site "online"]
[Date "2021.02.18"]
[EventDate "2021.02.18"]
[Round "3.56"]
[White "Popovici, Serena"]
[WhiteElo "1250"]
[WhiteTeam "Colchester Juniors C"]
[Black "Marsden, Rupert"]
[BlackElo "1465"]
[BlackTeam "Wolfpack Juniors"]
[Result "0-1"]
[PlyCount "38"]

1. e4 e5 2. d4 exd4 3. c3 dxc3 4. Bc4 Bc5 5. Nf3 Nf6 6. h3 O-O 7. Nxc3 Re8 8. e5 d6 9. Bg5 dxe5 10. Bxf6 Qxf6 11. Ne4 Bb4+ 12. Ke2 Qc6 13. b3 Qxe4+ 14. Kf1 Be6 15. Ng5 Qg6 16. h4 Nc6 17. a3 Bxc4+ 18. bxc4 Bc5 19. Qd2 Rad8 0-1

[Event "Junior Online 4NCL Division 5"]
[Site "online"]
[Date "2021.02.18"]
[EventDate "2021.02.18"]
[Round "3.57"]
[White "Harris, Callum"]
[WhiteElo "1383"]
[WhiteTeam "Wolfpack Juniors"]
[Black "Baig, Huzaifa"]
[BlackElo "1240"]
[BlackTeam "Colchester Juniors C"]
[Result "0-1"]
[PlyCount "140"]

1. e4 e5 2. Nf3 Nf6 3. Nxe5 d6 4. Nf3 Nxe4 5. Qe2 Qe7 6. d3 Nf6 7. Nc3 Bg4 8. Qxe7+ Bxe7 9. Be2 Nc6 10. h3 Be6 11. Be3 h6 12. Nd2 a6 13. a3 Nd7 14. O-O-O O-O-O 15. Bf3 Bf6 16. Bxc6 bxc6 17. Nde4 Bxc3 18. Nxc3 Nb6 19. Ne4 Bd5 20. f3 c5 21. Nc3 Bb7 22. d4 cxd4 23. Bxd4 Nd7 24. Rhg1 f6 25. Bf2 Rhe8 26. Rge1 g5 27. Re3 Rxe3 28. Bxe3 Re8 29. Bf2 f5 30. Re1 Rxe1+ 31. Bxe1 Ne5 32. Kd2 g4 33. fxg4 fxg4 34. hxg4 Bxg2 35. Ne2 Nf3+ 36. Kd1 Nxe1 37. Kxe1 Bf3 38. g5 hxg5 39. Nd4 Bd5 40. Kf2 Kd7 41. Kg3 Ke7 42. Kg4 Kf6 43. Nf5 Be6 44. c3 Bxf5+ 45. Kg3 c5 46. b4 cxb4 47. cxb4 Bd7 48. Kf3 Ke5 49. Ke3 Kd5 50. Kd3 g4 51. b5 Bxb5+ 52. Ke3 Bd7 53. a4 Bxa4 54. Kf4 Bd7 55. Kg3 a5 56. Kf2 a4 57. Ke2 Kc4 58. Kd2 Kb3 59. Kc1 g3 60. Kd2 g2 61. Kd3 g1=B 62. Ke4 a3 63. Kd5 Bc5 64. Ke4 a2 65. Kd5 Ba3 66. Kd4 Kb2 67. Kc4 a1=Q 68. Kd5 Qd1+ 69. Kc4 Qc2+ 70. Kd5 Qd3# 0-1

[Event "Junior Online 4NCL Division 5"]
[Site "online"]
[Date "2021.02.18"]
[EventDate "2021.02.18"]
[Round "3.58"]
[White "Shiva, Shrishti"]
[WhiteElo "1235"]
[WhiteTeam "Colchester Juniors C"]
[Black "Mahadevan, Meikum"]
[BlackElo "1075"]
[BlackTeam "Wolfpack Juniors"]
[Result "1-0"]
[PlyCount "75"]

1. e4 e5 2. Nf3 Nc6 3. Bc4 h6 4. Nc3 Nf6 5. d3 Bc5 6. h3 O-O 7. O-O a6 8. Be3 Bxe3 9. fxe3 Nh5 10. Kh2 Nf6 11. d4 exd4 12. exd4 b5 13. Bb3 b4 14. Nd5 Nxe4 15. Qe1 Nf6 16. Nxb4 Nxb4 17. Qxb4 a5 18. Qd2 Ba6 19. Rfe1 Bb7 20. Ne5 Bd5 21. Bxd5 Nxd5 22. c4 Nf6 23. Rad1 d6 24. Nc6 Qd7 25. d5 Rfe8 26. Rxe8+ Qxe8 27. Re1 Qd7 28. Re7 Qc8 29. Re1 Qa6 30. b3 a4 31. Qe2 axb3 32. axb3 Qa3 33. Qc2 Qa2 34. Qc3 g5 35. Qxf6 Qxb3 36. Ne7+ Kh7 37. Qxf7+ Kh8 38. Ng6# 1-0

[Event "Junior Online 4NCL Division 5"]
[Site "online"]
[Date "2021.02.18"]
[EventDate "2021.02.18"]
[Round "3.61"]
[White "Jakhria, Kushal"]
[WhiteElo "1723"]
[WhiteTeam "Charlton Juniors"]
[Black "Song, Ruien"]
[BlackElo "827"]
[BlackTeam "London Dragons Queens"]
[Result "1-0"]
[PlyCount "39"]

1. d4 Nf6 2. c4 g6 3. Nc3 d5 4. cxd5 Bg7 5. e4 O-O 6. Nf3 c6 7. dxc6 Nxc6 8. d5 Na5 9. b4 Nd7 10. Bb2 Ne5 11. bxa5 Nxf3+ 12. Qxf3 f5 13. Bd3 fxe4 14. Qxe4 Bf5 15. Qe2 Re8 16. Bxf5 gxf5 17. Qe6+ Kh8 18. Qxf5 Qxa5 19. Rc1 Bxc3+ 20. Bxc3+ 1-0

[Event "Junior Online 4NCL Division 5"]
[Site "online"]
[Date "2021.02.18"]
[EventDate "2021.02.18"]
[Round "3.62"]
[White "Liu, Zhengzheng"]
[WhiteElo "780"]
[WhiteTeam "London Dragons Queens"]
[Black "Verbytski, Oleg"]
[BlackElo "1336"]
[BlackTeam "Charlton Juniors"]
[Result "0-1"]
[PlyCount "96"]

1. d4 Nf6 2. c4 g6 3. Nc3 Bg7 4. e4 d6 5. Be3 O-O 6. Qc2 e5 7. O-O-O Qe7 8. Kb1 a5 9. Be2 Re8 10. g4 exd4 11. Bxd4 Nxe4 12. Bxg7 Kxg7 13. Nxe4 Qxe4 14. Qxe4 Rxe4 15. Bd3 Rxg4 16. h3 Rf4 17. f3 Nc6 18. Kc2 Nb4+ 19. Kb3 Be6 20. Ne2 Rxf3 21. Nd4 Rxd3+ 22. Rxd3 Nxd3 23. Nxe6+ fxe6 24. Rd1 Nc5+ 25. Kc3 Rf8 26. Kd4 Rf3 27. h4 c6 28. Re1 e5+ 29. Rxe5 dxe5+ 30. Kxc5 e4 31. Kd4 e3 32. Kd3 Rh3 33. c5 a4 34. a3 h5 35. Ke2 Rxh4 36. Kxe3 Rc4 37. Kd3 Rxc5 38. Kd4 Rf5 39. Ke4 h4 40. Ke3 h3 41. Ke2 h2 42. Ke1 h1=Q+ 43. Ke2 Qg2+ 44. Kd3 Rf3+ 45. Kc4 Qc2+ 46. Kb4 Rf4+ 47. Ka5 Rf5+ 48. Kb4 Qb3# 0-1

[Event "Junior Online 4NCL Division 5"]
[Site "online"]
[Date "2021.02.18"]
[EventDate "2021.02.18"]
[Round "3.63"]
[White "Thompson, Isaac"]
[WhiteElo "1000"]
[WhiteTeam "Charlton Juniors"]
[Black "Gan, Mark"]
[BlackElo "820"]
[BlackTeam "London Dragons Queens"]
[Result "0-1"]
[PlyCount "102"]

1. d4 Nf6 2. c4 g6 3. Nc3 Bg7 4. Bg5 O-O 5. Nf3 d6 6. e3 h6 7. Bh4 Nbd7 8. Bd3 b6 9. O-O Bb7 10. Qc2 c5 11. d5 Rb8 12. Rfd1 Ba8 13. b3 a6 14. Rab1 Qc7 15. h3 Bb7 16. Re1 Bc8 17. Bg3 e5 18. dxe6 fxe6 19. Ne2 Nh5 20. Bxg6 Nxg3 21. Nxg3 Nf6 22. Nh5 Nxh5 23. Bxh5 Qe7 24. Rbd1 Bb7 25. h4 Bxf3 26. Bxf3 Qxh4 27. Rf1 Be5 28. g3 Qg5 29. Bg2 Rf7 30. f4 Bxf4 31. exf4 Qxg3 32. Rf3 Qg4 33. Rdf1 Rbf8 34. Qd2 Rg7 35. R1f2 e5 36. Qxd6 Rxf4 37. Qxe5 Rxf3 38. Qd5+ Rff7 39. Qd8+ Kh7 40. Qd3+ Kh8 41. Qd8+ Rg8 42. Qd2 Rfg7 43. Qxh6+ Rh7 44. Qf6+ Qg7 45. Qxb6 Qa1+ 46. Rf1 Qd4+ 47. Rf2 Rf8 48. Bf3 Rg7+ 49. Kf1 Qd3+ 50. Be2 Qb1+ 51. Bd1 Qxd1# 0-1

[Event "Junior Online 4NCL Division 5"]
[Site "online"]
[Date "2021.02.18"]
[EventDate "2021.02.18"]
[Round "3.64"]
[White "Pan, Ailun"]
[WhiteElo "750"]
[WhiteTeam "London Dragons Queens"]
[Black "Williams, Alex"]
[BlackElo "1000"]
[BlackTeam "Charlton Juniors"]
[Result "1-0"]
[PlyCount "85"]

1. e4 e5 2. Nf3 Nc6 3. Bc4 Bc5 4. O-O d6 5. h3 Nge7 6. c3 Be6 7. Bxe6 fxe6 8. d4 exd4 9. cxd4 Bb6 10. e5 dxe5 11. dxe5 Qxd1 12. Rxd1 O-O 13. Nc3 Ng6 14. Re1 Nd4 15. Nxd4 Bxd4 16. Be3 Bxe3 17. Rxe3 Rad8 18. Nb5 c6 19. Nd6 b5 20. Rd1 a5 21. g3 Rd7 22. f4 Rfd8 23. Kf2 Ne7 24. Ra3 a4 25. Rf3 Nf5 26. Rfd3 Kf8 27. g4 Ne7 28. a3 Nc8 29. f5 exf5 30. gxf5 Ke7 31. Nxc8+ Ke8 32. Rxd7 Rxd7 33. Nd6+ Kd8 34. e6 Re7 35. Nxb5+ Ke8 36. Nd6+ Kd8 37. Nb7+ Kc8 38. Nc5 Ra7 39. Rd7 Rxd7 40. Nxd7 Kd8 41. Nc5 Ke7 42. Kf3 Kf6 43. Kf4 1-0

[Event "Junior Online 4NCL Division 5"]
[Site "online"]
[Date "2021.02.18"]
[EventDate "2021.02.18"]
[Round "3.65"]
[White "Song, Ruien"]
[WhiteElo "827"]
[WhiteTeam "London Dragons Queens"]
[Black "Jakhria, Kushal"]
[BlackElo "1723"]
[BlackTeam "Charlton Juniors"]
[Result "0-1"]
[PlyCount "38"]

1. e4 c5 2. Nf3 Nc6 3. d4 cxd4 4. Nxd4 Nf6 5. Nc3 e5 6. Nb3 Bb4 7. Qd3 O-O 8. a3 Bxc3+ 9. Qxc3 Nxe4 10. Qe3 Nf6 11. Bc4 d5 12. Be2 d4 13. Qd2 Bf5 14. c3 Ne4 15. Qd1 dxc3 16. Qxd8 Rfxd8 17. bxc3 Nxc3 18. Bf3 e4 19. Bxe4 Rd1# 0-1

[Event "Junior Online 4NCL Division 5"]
[Site "online"]
[Date "2021.02.18"]
[EventDate "2021.02.18"]
[Round "3.66"]
[White "Verbytski, Oleg"]
[WhiteElo "1336"]
[WhiteTeam "Charlton Juniors"]
[Black "Liu, Zhengzheng"]
[BlackElo "780"]
[BlackTeam "London Dragons Queens"]
[Result "1-0"]
[PlyCount "105"]

1. e4 c5 2. Nf3 Nc6 3. d4 cxd4 4. Nxd4 g6 5. Nc3 Bg7 6. Be3 Nf6 7. Bc4 O-O 8. f3 e5 9. Ndb5 a6 10. Nd6 Ne8 11. Nxe8 Rxe8 12. O-O Na5 13. Be2 b5 14. Nd5 Nc6 15. Bb6 Qg5 16. Nc7 Rb8 17. Nxe8 Rxb6 18. Nd6 Qd8 19. Qd5 Nb4 20. Qxf7+ Kh8 21. Ne8 Bh6 22. Rad1 Nxc2 23. Rd6 Rxd6 24. Nxd6 Be3+ 25. Kh1 Bh6 26. Qb3 Nd4 27. Nf7+ Kg7 28. Nxd8 Nxb3 29. axb3 Bg5 30. Kg1 Bxd8 31. Rc1 Bb7 32. Rd1 Bb6+ 33. Kf1 Bc6 34. g3 Bd4 35. Rd2 Be3 36. Rc2 Bd4 37. Kg2 Kh6 38. Bd3 Kh5 39. f4 Kg4 40. h3+ Kh5 41. g4+ Kh4 42. f5 d5 43. Rxc6 dxe4 44. Bxe4 Bxb2 45. f6 Ba3 46. f7 a5 47. Rb6 Bf8 48. Rxb5 a4 49. bxa4 Bc5 50. Rxc5 Kg5 51. f8=Q h5 52. Rxe5+ Kh4 53. Qf2# 1-0

[Event "Junior Online 4NCL Division 5"]
[Site "online"]
[Date "2021.02.18"]
[EventDate "2021.02.18"]
[Round "3.67"]
[White "Gan, Mark"]
[WhiteElo "820"]
[WhiteTeam "London Dragons Queens"]
[Black "Thompson, Isaac"]
[BlackElo "1000"]
[BlackTeam "Charlton Juniors"]
[Result "1-0"]
[PlyCount "33"]

1. e4 c5 2. Nf3 d6 3. d4 Nf6 4. Nc3 cxd4 5. Nxd4 g6 6. f4 Bg7 7. Bb5+ Nbd7 8. e5 dxe5 9. fxe5 Nd5 10. Nxd5 Bxe5 11. Nc3 Bxd4 12. Qxd4 O-O 13. Bh6 e5 14. Qf2 Re8 15. O-O a6 16. Qxf7+ Kh8 17. Qg7# 1-0

[Event "Junior Online 4NCL Division 5"]
[Site "online"]
[Date "2021.02.18"]
[EventDate "2021.02.18"]
[Round "3.68"]
[White "Williams, Alex"]
[WhiteElo "1000"]
[WhiteTeam "Charlton Juniors"]
[Black "Pan, Ailun"]
[BlackElo "750"]
[BlackTeam "London Dragons Queens"]
[Result "0-1"]
[PlyCount "24"]

1. d4 d5 2. Bf4 Nf6 3. Nf3 e6 4. e3 c5 5. c3 cxd4 6. cxd4 Bb4+ 7. Nbd2 O-O 8. a3 Bxd2+ 9. Qxd2 Ne4 10. Qc2 Nc6 11. Bd3 Qa5+ 12. b4 Nxb4 0-1

[Event "Junior Online 4NCL Division 5"]
[Site "online"]
[Date "2021.02.18"]
[EventDate "2021.02.18"]
[Round "3.71"]
[White "Lynn, Angelo"]
[WhiteElo "900"]
[WhiteTeam "Lenzie Dementors"]
[Black "Longia-Zaidi, Ismail"]
[BlackElo "1608"]
[BlackTeam "Desert Penguins Saturn"]
[Result "1-0"]
[PlyCount "83"]

1. e4 c5 2. Nf3 d6 3. Bc4 e6 4. Nc3 Nf6 5. d3 Be7 6. Bd2 O-O 7. h3 a6 8. a3 b5 9. Ba2 Bb7 10. O-O Nbd7 11. Re1 Qc7 12. Qe2 Rac8 13. Qf1 Nb6 14. b3 Nfd7 15. Rab1 Nf6 16. Bf4 Qd8 17. Qe2 Nh5 18. Bh2 Nf6 19. Qd1 d5 20. exd5 exd5 21. Qe2 Re8 22. Qd2 d4 23. Ne4 Nbd5 24. Nxf6+ Nxf6 25. Ne5 Qd5 26. f3 Qd8 27. b4 cxb4 28. Bxf7+ Kh8 29. Bxe8 Qxe8 30. axb4 Qf8 31. Kh1 Bd6 32. Bg1 Nh5 33. Bf2 Nf4 34. Bg3 Nxh3 35. Nf7+ Qxf7 36. Bxd6 Qh5 37. Bh2 Bxf3 38. Re5 Qg4 39. Rf1 Ba8 40. Ref5 Bxg2+ 41. Qxg2 Qxg2+ 42. Kxg2 1-0

[Event "Junior Online 4NCL Division 5"]
[Site "online"]
[Date "2021.02.18"]
[EventDate "2021.02.18"]
[Round "3.72"]
[White "Dane, Antony"]
[WhiteElo "1382"]
[WhiteTeam "Desert Penguins Saturn"]
[Black "Anthuvan, Rishab"]
[BlackElo "900"]
[BlackTeam "Lenzie Dementors"]
[Result "1-0"]
[PlyCount "81"]

1. d4 Nf6 2. c4 d5 3. cxd5 Nxd5 4. e4 Nb6 5. Nc3 f6 6. Nf3 Bg4 7. Be2 e6 8. h3 Bh5 9. O-O Bb4 10. a3 Be7 11. Bf4 O-O 12. Qb3 Bf7 13. Qc2 Nc6 14. Rfd1 Bd6 15. Bxd6 cxd6 16. Rac1 Rc8 17. Qd2 d5 18. exd5 Nxd5 19. Nxd5 exd5 20. Rc3 Re8 21. Bf1 a6 22. Rdc1 Qd6 23. Qc2 Bg6 24. Qa4 Kf8 25. Bxa6 bxa6 26. Rxc6 Rxc6 27. Qxc6 Qxc6 28. Rxc6 Ra8 29. Rd6 Be4 30. Kf1 Bxf3 31. gxf3 Rb8 32. b4 Ra8 33. Rxd5 Ke7 34. Ra5 Rc8 35. Rxa6 Rc1+ 36. Kg2 Rd1 37. b5 Rxd4 38. b6 Rd6 39. b7 Rxa6 40. b8=Q Rxa3 41. Qb4+ 1-0

[Event "Junior Online 4NCL Division 5"]
[Site "online"]
[Date "2021.02.18"]
[EventDate "2021.02.18"]
[Round "3.73"]
[White "Heron, Sophie"]
[WhiteElo "799"]
[WhiteTeam "Lenzie Dementors"]
[Black "Bharat Kumar, Balahari"]
[BlackElo "1217"]
[BlackTeam "Desert Penguins Saturn"]
[Result "0-1"]
[PlyCount "148"]

1. d4 Nf6 2. c4 e6 3. Nc3 d5 4. Bf4 Be7 5. Nf3 O-O 6. e3 Nbd7 7. Be2 dxc4 8. Bxc4 a6 9. O-O b5 10. Bd3 Bb7 11. Rc1 c5 12. Ne5 Nxe5 13. Bxe5 Rc8 14. dxc5 Bxc5 15. a3 Be7 16. Qe2 Bd6 17. Bxd6 Qxd6 18. Rfd1 Qe7 19. Rd2 Rfd8 20. f3 Nd5 21. Rdc2 Nxc3 22. Rxc3 Rxc3 23. Rxc3 Rc8 24. Rxc8+ Bxc8 25. a4 bxa4 26. Bxa6 Bd7 27. Bb5 h6 28. Qc4 Bxb5 29. Qxb5 a3 30. bxa3 Qxa3 31. Qb8+ Kh7 32. Qf4 Qa1+ 33. Kf2 Qb2+ 34. Kg3 Qb7 35. h4 Kg8 36. Kh3 Qd7 37. Kg3 Qd5 38. e4 Qd1 39. Qe3 Qd6+ 40. f4 e5 41. fxe5 Qxe5+ 42. Qf4 Qxf4+ 43. Kxf4 Kf8 44. g4 Ke7 45. Kf5 g6+ 46. Kf4 Kf6 47. e5+ Ke6 48. Ke4 g5 49. h5 f6 50. exf6 Kxf6 51. Kf3 Ke5 52. Ke3 Kd5 53. Kf3 Kd4 54. Kg3 Ke3 55. Kg2 Kf4 56. Kh3 Kf3 57. Kh2 Kxg4 58. Kg2 Kxh5 59. Kh3 g4+ 60. Kg3 Kg5 61. Kh2 h5 62. Kg3 h4+ 63. Kh2 Kf4 64. Kg2 h3+ 65. Kh2 Kf3 66. Kh1 g3 67. Kg1 g2 68. Kh2 Kf2 69. Kxh3 g1=Q 70. Kh4 Kf3 71. Kh5 Kf4 72. Kh6 Kf5 73. Kh7 Kf6 74. Kh8 Qg7# 0-1

[Event "Junior Online 4NCL Division 5"]
[Site "online"]
[Date "2021.02.18"]
[EventDate "2021.02.18"]
[Round "3.74"]
[White "Mo, Alex"]
[WhiteElo "1285"]
[WhiteTeam "Desert Penguins Saturn"]
[Black "Banerjee, Supratit"]
[BlackElo "623"]
[BlackTeam "Lenzie Dementors"]
[Result "1/2-1/2"]
[PlyCount "86"]

1. d4 d5 2. c4 e6 3. Nc3 Nf6 4. Bg5 c6 5. e3 Nbd7 6. Nf3 Be7 7. cxd5 exd5 8. Bd3 h6 9. Bf4 O-O 10. O-O c5 11. dxc5 Nxc5 12. Qc2 Nxd3 13. Qxd3 Bd7 14. Rfc1 Bc6 15. Nd4 Ne4 16. Rab1 Nxc3 17. Rxc3 Bf6 18. Rbc1 Rc8 19. Nxc6 bxc6 20. Rxc6 Rxc6 21. Rxc6 Bxb2 22. Qb3 Qa5 23. g3 Bf6 24. Rd6 Rd8 25. Rxd8+ Qxd8 26. Qb7 d4 27. exd4 Bxd4 28. Qb8 Qxb8 29. Bxb8 Kf8 30. Kf1 Ke7 31. Ke2 Kd7 32. Bf4 g5 33. Be3 Bxe3 34. Kxe3 f5 35. f4 g4 36. Kd4 Kd6 37. a3 a5 38. Kc4 Kc6 39. a4 h5 40. Kd4 Kd6 41. Kc4 Kc6 42. Kd4 Kd6 43. Kc4 Kc6 1/2-1/2

[Event "Junior Online 4NCL Division 5"]
[Site "online"]
[Date "2021.02.18"]
[EventDate "2021.02.18"]
[Round "3.75"]
[White "Longia-Zaidi, Ismail"]
[WhiteElo "1608"]
[WhiteTeam "Desert Penguins Saturn"]
[Black "Lynn, Angelo"]
[BlackElo "900"]
[BlackTeam "Lenzie Dementors"]
[Result "1-0"]
[PlyCount "157"]

1. d4 d5 2. c4 e6 3. Nc3 Nf6 4. Nf3 Be7 5. Bf4 b6 6. cxd5 exd5 7. e3 Bb7 8. Bd3 Nbd7 9. O-O c5 10. dxc5 bxc5 11. Qe2 a6 12. Rfd1 O-O 13. Rac1 Nb6 14. Bf5 Bd6 15. Bg5 Be7 16. Bf4 Bd6 17. Bg5 Be7 18. Bh4 h6 19. Bg3 Bd6 20. Bxd6 Qxd6 21. Nd2 Qe5 22. Bb1 Bc8 23. Nf3 Qe6 24. a3 Bb7 25. Ba2 Qf5 26. Bb1 Qe6 27. a4 Rfd8 28. a5 Nc4 29. Na4 Rac8 30. b3 Nxa5 31. Nxc5 Qc6 32. Nd4 Qb6 33. Na4 Rxc1 34. Nxb6 Rxd1+ 35. Qxd1 Rd6 36. Na4 Bc6 37. h3 Bd7 38. Qe2 Bxa4 39. bxa4 Nc4 40. Bd3 Kh8 41. Bxc4 dxc4 42. Qxc4 Kh7 43. Qc2+ Kg8 44. Nf5 Rd8 45. Nd4 Nd5 46. Qc4 Rd6 47. Kh2 Kh7 48. Qc2+ Kg8 49. Qc8+ Kh7 50. Qc4 Nb6 51. Qc5 Rf6 52. Qc2+ Kg8 53. Ne2 Re6 54. Nf4 Rf6 55. Qb3 Kh7 56. Qb1+ Kg8 57. Qc2 Kh8 58. Nh5 Rg6 59. Nf4 Rf6 60. Kh1 Kg8 61. Nh5 Rg6 62. Qb3 Re6 63. Nf4 Rf6 64. Kg1 Kh7 65. Nd5 Nxd5 66. Qxd5 Re6 67. Kh2 Rf6 68. Kg1 Kg8 69. e4 Re6 70. f4 Kh7 71. f5 Rf6 72. Qd4 h5 73. g4 hxg4 74. hxg4 Kh6 75. Kg2 Kg5 76. Kg3 Kh6 77. Qd1 Rc6 78. Qh1+ Kg5 79. Qh4# 1-0

[Event "Junior Online 4NCL Division 5"]
[Site "online"]
[Date "2021.02.18"]
[EventDate "2021.02.18"]
[Round "3.76"]
[White "Anthuvan, Rishab"]
[WhiteElo "900"]
[WhiteTeam "Lenzie Dementors"]
[Black "Dane, Antony"]
[BlackElo "1382"]
[BlackTeam "Desert Penguins Saturn"]
[Result "0-1"]
[PlyCount "68"]

1. e4 c5 2. Nc3 d6 3. h3 Nf6 4. Nf3 a6 5. a3 e6 6. e5 dxe5 7. Nxe5 b5 8. d3 Bb7 9. Bf4 Be7 10. g4 Bxh1 11. f3 Nbd7 12. Qe2 Nxe5 13. Bxe5 b4 14. axb4 cxb4 15. Na4 Rc8 16. b3 Bd6 17. Bh2 Bxh2 18. Qxh2 Bxf3 19. Qf2 Bc6 20. Nc5 a5 21. O-O-O Qb6 22. d4 Bd5 23. Kb2 Ne4 24. Qe3 Nxc5 25. dxc5 Qxc5 26. Qxc5 Rxc5 27. Rd4 Ke7 28. Bc4 Bxc4 29. bxc4 Rd8 30. Rxd8 Kxd8 31. Kb3 a4+ 32. Kxb4 Rc7 33. Kxa4 Rxc4+ 34. Kb5 Rxc2 0-1

[Event "Junior Online 4NCL Division 5"]
[Site "online"]
[Date "2021.02.18"]
[EventDate "2021.02.18"]
[Round "3.77"]
[White "Bharat Kumar, Balahari"]
[WhiteElo "1217"]
[WhiteTeam "Desert Penguins Saturn"]
[Black "Heron, Sophie"]
[BlackElo "799"]
[BlackTeam "Lenzie Dementors"]
[Result "1-0"]
[PlyCount "67"]

1. d4 Nf6 2. c4 g6 3. Nc3 Bg7 4. e4 d6 5. Nge2 e6 6. Ng3 Nc6 7. Be2 d5 8. cxd5 exd5 9. e5 Nd7 10. Nxd5 f6 11. exf6 Nxf6 12. Nxf6+ Qxf6 13. d5 Ne7 14. Bb5+ c6 15. dxc6 Nxc6 16. O-O O-O 17. Bc4+ Kh8 18. Qc2 Ne5 19. Bb3 Qh4 20. Bd2 Ng4 21. h3 Nxf2 22. Rxf2 Bd4 23. Bc3 h5 24. Bxd4+ Kh7 25. Rxf8 Qxd4+ 26. Kh2 Qd6 27. Qf2 h4 28. Qf7+ Kh6 29. Rh8+ Kg5 30. Qd5+ Qxd5 31. Bxd5 hxg3+ 32. Kxg3 Rb8 33. Rf1 a6 34. h4# 1-0